Loading...
Philosophy | 0 | 6 | 0 | 1 | 60 | 78 | 106.50 | 1 | 5 |
Fine Arts - Painting & Sculpture | 0 | 6 | 2 | 0 | 50 | 37 | 85.83 | 2 | 4 |
Science - Biology | 0 | 4 | 0 | 0 | 40 | 104 | 117.75 | 0 | 1 |
Fine Arts - Classical Music | 0 | 4 | 1 | 2 | 35 | 123 | 130.25 | 0 | 3 |
Other | 0 | 3 | 0 | 0 | 30 | 80 | 106.00 | 0 | 1 |
History - Other History | 0 | 3 | 0 | 0 | 30 | 97 | 104.33 | 1 | 2 |
Science - Physics | 0 | 3 | 1 | 1 | 25 | 108 | 120.33 | 0 | 3 |
Literature - World Literature | 0 | 2 | 0 | 0 | 20 | 53 | 72.00 | 1 | 1 |
History - European History | 0 | 2 | 0 | 1 | 20 | 121 | 124.00 | 0 | 0 |
Religion | 0 | 2 | 0 | 0 | 20 | 61 | 72.50 | 2 | 2 |
Science - Chemistry | 0 | 2 | 0 | 0 | 20 | 108 | 117.00 | 0 | 1 |
History - World History | 0 | 2 | 1 | 0 | 15 | 116 | 120.50 | 0 | 0 |
Fine Arts - Other Fine Arts | 0 | 2 | 1 | 0 | 15 | 92 | 108.50 | 0 | 2 |
History - American History | 0 | 1 | 0 | 0 | 10 | 109 | 109.00 | 0 | 1 |
Social Science | 0 | 1 | 0 | 0 | 10 | 119 | 119.00 | 0 | 1 |
Science - Other Science | 0 | 2 | 2 | 0 | 10 | 134 | 134.50 | 0 | 1 |
Literature - European Literature | 0 | 1 | 0 | 0 | 10 | 119 | 119.00 | 0 | 0 |
Literature - American Literature | 0 | 1 | 0 | 0 | 10 | 42 | 42.00 | 1 | 1 |